Online katalóg knižníc regiónu Turca

Vysnívaná krajina (Record no. 22104)

MARC details
000 -LEADER
fixed length control field 01915cam a2200589 a 4500
001 - CONTROL NUMBER
control field 22104
003 - CONTROL NUMBER IDENTIFIER
control field VRT
005 - DATE AND TIME OF LATEST TRANSACTION
control field 20260320105336.0
008 - FIXED-LENGTH DATA ELEMENTS--GENERAL INFORMATION
fixed length control field 240318s2014 xo g 000 f slo
015 ## - NATIONAL BIBLIOGRAPHY NUMBER
National bibliography number SNBA2015/03
020 ## - INTERNATIONAL STANDARD BOOK NUMBER
International Standard Book Number 9788055139050
Qualifying information (viaz.)
035 ## - SYSTEM CONTROL NUMBER
System control number B22A9D7A-86E0-4675-9750-4F2C5D9D3086
035 ## - SYSTEM CONTROL NUMBER
System control number urn:nbn:sk:snk-amjopk
035 ## - SYSTEM CONTROL NUMBER
System control number urn:nbn:sk:snk-am002epr
039 #9 - LEVEL OF BIBLIOGRAPHIC CONTROL AND CODING DETAIL [OBSOLETE]
Level of rules in bibliographic description 202403181350
Level of effort used to assign nonsubject heading access points VLOAD
Level of effort used to assign subject headings 201609091047
Level of effort used to assign classification mbpksh04
Level of effort used to assign subject headings 201604291801
Level of effort used to assign classification VLOAD
Level of effort used to assign subject headings 201604281008
Level of effort used to assign classification VLOAD
040 ## - CATALOGING SOURCE
Original cataloging agency TTKJF
Language of cataloging slo
Transcribing agency TTKJF
Modifying agency SVKBB
-- SNK
Description conventions AACR2
041 1# - LANGUAGE CODE
Language code of text/sound track or separate title slo
Language code of original eng
044 ## - COUNTRY OF PUBLISHING/PRODUCING ENTITY CODE
MARC country code xo
ISO country code SK
072 #7 - SUBJECT CATEGORY CODE
Subject category code 821.112.2-3
Subject category code subdivision Nemecká próza, nemecky písaná
Source konspekt
080 ## - UNIVERSAL DECIMAL CLASSIFICATION NUMBER
Universal Decimal Classification number 821.112.2-31
Edition identifier 2001
080 ## - UNIVERSAL DECIMAL CLASSIFICATION NUMBER
Universal Decimal Classification number (0:82-311.6)
Edition identifier 2001
100 1# - MAIN ENTRY--PERSONAL NAME
Personal name Lark, Sarah,
Dates associated with a name 1958-
Relationship aut
240 14 - UNIFORM TITLE
Uniform title Die Zeit der Feuerblüten
Language of a work Slovensky
245 10 - TITLE STATEMENT
Title Vysnívaná krajina
Number of part/section of a work [1]
Name of part/section of a work Čas ohnivých kvetov
Statement of responsibility, etc. Sarah Larková ; preložila Zuzana Guldanová
246 30 - VARYING FORM OF TITLE
Title proper/short title Čas ohnivých kvetov
260 ## - PUBLICATION, DISTRIBUTION, ETC.
Place of publication, distribution, etc. Bratislava
Name of publisher, distributor, etc. Ikar
Date of publication, distribution, etc. 2014
300 ## - PHYSICAL DESCRIPTION
Extent 421 s.
Dimensions 24 cm
655 #7 - INDEX TERM--GENRE/FORM
Genre/form data or focus term nemecké romány
Source of term SNKPH
655 #7 - INDEX TERM--GENRE/FORM
Genre/form data or focus term historické romány
Source of term SNKPH
655 #7 - INDEX TERM--GENRE/FORM
Genre/form data or focus term German fiction
Source of term SNKPHeng
655 #7 - INDEX TERM--GENRE/FORM
Genre/form data or focus term Historical novels
Source of term SNKPHeng
700 1# - ADDED ENTRY--PERSONAL NAME
Personal name Guldanová, Zuzana,
Dates associated with a name 1963-
Relationship trl
910 ## - USER-OPTION DATA (OCLC)
User-option data ttkjf
910 ## - USER-OPTION DATA (OCLC)
User-option data pppk
910 ## - USER-OPTION DATA (OCLC)
User-option data vthk
910 ## - USER-OPTION DATA (OCLC)
User-option data svkbb
910 ## - USER-OPTION DATA (OCLC)
User-option data pokpoh
910 ## - USER-OPTION DATA (OCLC)
User-option data sllk
910 ## - USER-OPTION DATA (OCLC)
User-option data skpk
910 ## - USER-OPTION DATA (OCLC)
User-option data snk
910 ## - USER-OPTION DATA (OCLC)
User-option data totk
910 ## - USER-OPTION DATA (OCLC)
User-option data bjkdg
910 ## - USER-OPTION DATA (OCLC)
User-option data hevk
910 ## - USER-OPTION DATA (OCLC)
User-option data bpksh
942 ## - ADDED ENTRY ELEMENTS (KOHA)
Source of classification or shelving scheme Dewey Decimal Classification
Koha item type Krásna literatúra pre dospelých
Suppress in OPAC No
949 ## - LOCAL PROCESSING INFORMATION (OCLC)
6 2889208135
a savukPV 19325
b savuk2014/2823
949 ## - LOCAL PROCESSING INFORMATION (OCLC)
6 270001000459638
a svkbbB 51995-1
b svkbbm 746640
949 ## - LOCAL PROCESSING INFORMATION (OCLC)
6 17A1114438
a snkSC 160786/1
b snk2014/18193
o 1716/14
s 6100:20140925
949 ## - LOCAL PROCESSING INFORMATION (OCLC)
6 17A1114437
a snkSC 160786/1 D1
b snk2014/18194
o 1716/14
949 ## - LOCAL PROCESSING INFORMATION (OCLC)
6 3869A12589
a bpksh821.112.2-31
b bpksh68383
949 ## - LOCAL PROCESSING INFORMATION (OCLC)
6 273K0595472
a svkpoB 96751
b svkpo594271
Holdings
Stav vyradenia Strata Poškodenie Spôsob nadobudnutia Domovská knižnica Aktuálna knižnica Dátum nadobudnutia Cena Total checkouts Čiarový kód exemplára Date last seen Typ exemplára
      Kúpa Obecná knižnica Horná Štubňa Obecná knižnica Horná Štubňa 20.03.2026 14.90   9788055139050 20.03.2026 Krásna literatúra pre dospelých
Projekt je podporený Slovenskou asociáciou knižníc
Prevádzkuje Turčianska knižnica Martin 2026